000 00337 a2200157 4500
001 174816
020 _a
040 _cMagnum
100 _aMott, Odete de Barros
240 1 0 _aOs coelhinhos detetives
_lpor
245 1 0 _aOs coelhinhos detetives
362 0 _a1899
440 1 _aMelhoramentos
697 _aIJ/FABULAS
942 _cBK
999 _c174816
_d174816